<?xml version="1.0" encoding="UTF-8"?>
<record
    xmlns:xsi="http://www.w3.org/2001/XMLSchema-instance"
    xsi:schemaLocation="http://www.loc.gov/MARC21/slim http://www.loc.gov/standards/marcxml/schema/MARC21slim.xsd"
    xmlns="http://www.loc.gov/MARC21/slim">

  <leader>02300nam a2200265 a 4500</leader>
  <controlfield tag="001">000002326</controlfield>
  <controlfield tag="005">20260506114910.0</controlfield>
  <controlfield tag="008">090701s1991    sp            001 0 spa d</controlfield>
  <datafield tag="020" ind1=" " ind2=" ">
    <subfield code="a">8486168562</subfield>
  </datafield>
  <datafield tag="040" ind1=" " ind2=" ">
    <subfield code="a">DO-SdBNP</subfield>
    <subfield code="b">spa</subfield>
    <subfield code="c">BNPHU</subfield>
  </datafield>
  <datafield tag="082" ind1=" " ind2=" ">
    <subfield code="a">372.47</subfield>
    <subfield code="b">C737l</subfield>
  </datafield>
  <datafield tag="245" ind1="0" ind2="0">
    <subfield code="a">Comprensi&#xF3;n de la lectura y acci&#xF3;n docente /</subfield>
    <subfield code="c">direcci&#xF3;n de An&#xED;bal Puente.</subfield>
  </datafield>
  <datafield tag="260" ind1=" " ind2=" ">
    <subfield code="a">Madrid :</subfield>
    <subfield code="b">Fundaci&#xF3;n Germ&#xE1;n S&#xE1;nchez Ruip&#xE9;rez</subfield>
    <subfield code="b">Pir&#xE1;mide,</subfield>
    <subfield code="c">1991.</subfield>
  </datafield>
  <datafield tag="300" ind1=" " ind2=" ">
    <subfield code="a">396 p. :</subfield>
    <subfield code="b">diagr. ;</subfield>
    <subfield code="c">22 cm.</subfield>
  </datafield>
  <datafield tag="490" ind1="1" ind2=" ">
    <subfield code="a">Biblioteca del libro</subfield>
  </datafield>
  <datafield tag="500" ind1=" " ind2=" ">
    <subfield code="a">Incluye &#xED;ndice</subfield>
  </datafield>
  <datafield tag="500" ind1=" " ind2=" ">
    <subfield code="a">Incluye notas a pie de p&#xE1;ginas</subfield>
  </datafield>
  <datafield tag="504" ind1=" " ind2=" ">
    <subfield code="a">Incluye referencias bibliogr&#xE1;fcas al final de cada cap&#xED;tulo.</subfield>
  </datafield>
  <datafield tag="505" ind1="2" ind2=" ">
    <subfield code="a">Relaci&#xF3;n de colaboradores -- Presentaci&#xF3;n -- Introducci&#xF3;n -- Procesos b&#xE1;sicos de la compresi&#xF3;n de la lectura -- La compresi&#xF3;n de la lectura / William S. Hall -- Procesos perceptivos y atencionales durante la lectura /Armando Navarro -- Teor&#xED;a del esquema y compresi&#xF3;n de la lectura / An&#xED;bal Puente -- Las inferencias durante el proceso lector / Javier Gonzalez M&#xE1;rques -- Modelos del proceso de lectura: descripci&#xF3;n, evaluaci&#xF3;n e implantaciones pedag&#xF3;gicas / Mar&#xED;a M. Antonini. Juan A. Pino -- Texto y contexto -- La estructura del texto / Manuela Amat de Betancourt -- Del sonido a la graf&#xED;a: texto oral y texto escrito / Luis Barrera Linares -- Estructura sil&#xE1;bica y aprendizaje de la lectura / Luc&#xED;a Fraca Barrera -- Dominio lingu&#xED;stico y compresi&#xF3;n lectora -- Competencia linguistica, competencia lectora / Lourdes Pietrosemoli -- Estrategias cognitivas y metacognitivas -- El desarrolo de las habilidades para comprender la lectura y la acci&#xF3;n docente / Armando Morales -- Metacognici&#xF3;n y comprensi&#xF3;n de la lectura / Pablo R&#xED;os Cabrera -- Evaluaci&#xF3;n de la comprensi&#xF3;n lectora -- Evaluaci&#xF3;n de la comprensi&#xF3;n de la lectura / Jos&#xE9; Luis Rodr&#xED;guez Di&#xE9;guez -- La complejidad de los materiales escritos y la acci&#xF3;n docente / Armando Morales -- Investigaci&#xF3;n en la lectura -- Investigaci&#xF3;n en la lectura: antecedentes y tendencias actuales / Lisette Poggiolo.</subfield>
  </datafield>
  <datafield tag="650" ind1=" " ind2="4">
    <subfield code="a">Compresion de lectura</subfield>
    <subfield code="9">7393</subfield>
  </datafield>
  <datafield tag="650" ind1=" " ind2="0">
    <subfield code="a">Psicolog&#xED;a cognoscitiva </subfield>
    <subfield code="9">7394</subfield>
  </datafield>
  <datafield tag="650" ind1=" " ind2="0">
    <subfield code="a">Ense&#xF1;anza </subfield>
    <subfield code="9">7395</subfield>
  </datafield>
  <datafield tag="700" ind1="0" ind2=" ">
    <subfield code="a">Puente An&#xED;bal,</subfield>
    <subfield code="d">1945-</subfield>
    <subfield code="e">direcci&#xF3;n</subfield>
    <subfield code="9">7396</subfield>
  </datafield>
  <datafield tag="830" ind1=" " ind2="0">
    <subfield code="a">Biblioteca del libro</subfield>
    <subfield code="9">7397</subfield>
  </datafield>
  <datafield tag="952" ind1=" " ind2=" ">
    <subfield code="0">0</subfield>
    <subfield code="1">0</subfield>
    <subfield code="5">0</subfield>
    <subfield code="7">1</subfield>
    <subfield code="8">MO</subfield>
    <subfield code="a">GR</subfield>
    <subfield code="b">GR</subfield>
    <subfield code="c">CT</subfield>
    <subfield code="d">2009-07-01</subfield>
    <subfield code="i">LF1</subfield>
    <subfield code="l">0</subfield>
    <subfield code="o">372.47 C737l</subfield>
    <subfield code="p">2326-10</subfield>
    <subfield code="r">2020-06-25</subfield>
    <subfield code="w">2020-06-25</subfield>
    <subfield code="y">1</subfield>
    <subfield code="Z">No se presta</subfield>
  </datafield>
  <datafield tag="999" ind1=" " ind2=" ">
    <subfield code="c">2171</subfield>
    <subfield code="d">2171</subfield>
  </datafield>
</record>
